Microsoft® SharePoint Foundation 2010 и SharePoint Online 365

Bibliografiset tiedot
Päätekijä: Кирьянов Д. В. Дмитрий Викторович
Muut tekijät: Кирьянова Е. Н. Елена Николаевна
Yhteenveto:Рассмотрены два серверных решения Microsoft, предназначенные для коллективной корпоративной работы: SharePoint Foundation 2010 и SharePoint Online 365. Описана их интеграция с приложениями Microsoft Office 2010 и «облачного» Office 365. Показаны приемы конструирования корпоративных сайтов, администрирования и разграничения доступа, сценарии коллективной работы с использованием библиотек документов, списков, форумов, опросов, блогов и вики. Рассмотрены примеры применения визуального редактора SharePoint Designer 2010 для редактирования веб-страниц, брендинга, настройки документооборота и доступа к данным без обращения к HTML-коду. На сайте издательства находятся мультимедийный видеокурс по работе с Microsoft SharePoint Foundation 2010 и SharePoint Online 365, а также цветные иллюстрации к книге.
Kieli:venäjä
Julkaistu: СПб., БХВ-Петербург, 2012
Sarja:Самоучитель
Aiheet:
Aineistotyyppi: Kirja
KOHA link:https://koha.lib.tpu.ru/cgi-bin/koha/opac-detail.pl?biblionumber=209088

MARC

LEADER 00000nam0a2200000 4500
001 209088
005 20231101225518.0
010 |a 9785977507455 
035 |a (RuTPU)RU\TPU\book\228391 
090 |a 209088 
100 |a 20120209d2012 km y0rusy50 ca 
101 0 |a rus 
102 |a RU 
105 |a a z 001zy 
200 1 |a Microsoft® SharePoint Foundation 2010 и SharePoint Online 365  |f Д. В. Кирьянов, Е. Н. Кирьянова 
210 |a СПб.  |c БХВ-Петербург  |d 2012 
215 |a 217 с.  |c ил. 
225 1 |a Самоучитель 
320 |a Предметный указатель: с. 215-217. 
330 |a Рассмотрены два серверных решения Microsoft, предназначенные для коллективной корпоративной работы: SharePoint Foundation 2010 и SharePoint Online 365. Описана их интеграция с приложениями Microsoft Office 2010 и «облачного» Office 365. Показаны приемы конструирования корпоративных сайтов, администрирования и разграничения доступа, сценарии коллективной работы с использованием библиотек документов, списков, форумов, опросов, блогов и вики. Рассмотрены примеры применения визуального редактора SharePoint Designer 2010 для редактирования веб-страниц, брендинга, настройки документооборота и доступа к данным без обращения к HTML-коду. На сайте издательства находятся мультимедийный видеокурс по работе с Microsoft SharePoint Foundation 2010 и SharePoint Online 365, а также цветные иллюстрации к книге. 
606 1 |a Сайты  |x Разработка  |2 stltpush  |3 (RuTPU)RU\TPU\subj\53315  |9 71630 
610 1 |a SharePoint 
610 1 |a коллективная работа 
610 1 |a корпоративные сайты 
610 1 |a дизайн 
610 1 |a самоучители 
610 1 |a учебные пособия 
675 |a 004.738.1(075.4)  |v 4 
700 1 |a Кирьянов  |b Д. В.  |g Дмитрий Викторович 
701 1 |a Кирьянова  |b Е. Н.  |g Елена Николаевна 
801 1 |a RU  |b 63413507  |c 20120209 
801 2 |a RU  |b 63413507  |c 20140515  |g RCR 
942 |c BK 
959 |a 15/20120206  |d 1  |e 139,00  |f ЧЗТЛ:1